| 000 | 01095nam a22002655i 4500 | ||
|---|---|---|---|
| 001 | 156346 | ||
| 003 | ES-MaACL | ||
| 005 | 20250828063258.0 | ||
| 008 | 990511m18811897sp a |||| | spa d | ||
| 040 |
_aM-RACM _bspa _cM-RACM _dCCPB | B |
||
| 100 | 1 |
_aJiménez de la Espada, Marcos, _d1831-1898 _9222553 |
|
| 245 | 1 | 0 |
_aRelaciones geográficas de Indias _b: Perú / _cpublícalas el Ministerio de Fomento. |
| 260 |
_aMadrid : _b[s.n.], _c1881-1897 ( _fTip. de Manuel G. Hernández) |
||
| 300 |
_a4 v. ; _c30 cm. |
||
| 510 | 4 |
_aPalau, _c260324 |
|
| 593 | 1 | _aEncabezamiento tomado del Palau. | |
| 596 | 1 | _aEn V. III. y IV. figura como impresor los hijos de M. G. Hernández. | |
| 597 | 1 | _aPort. con esc. grab. | |
| 597 | 1 | _aV. I. (CLIV, 216, CLIX p.) -- V. II. (XLIX, 242, CLVIII p.) -- V. III. (XL, 276, CLXXV p.) -- V. IV. (VII, 45, CCXLIII p.) | |
| 651 | 4 |
_aPerú- _xGeografía. _9137311 |
|
| 710 | 1 | 1 |
_aEspaña. _bMinisterio de Fomento, _eed. _93868 |
| 752 |
_aEspaña - _dMadrid |
||
| 852 |
_aES-MaACL _jR-2310-2313 _z-- Enc. pasta y rúst. |
||
| 999 |
_c156346 _d156346 |
||